| 000 | 00664nam a22002057a 4500 | ||
|---|---|---|---|
| 999 |
_c5330 _d5330 |
||
| 003 | AR-CdUCM | ||
| 008 | 190312b ||||| |||| 00| 0 spa d | ||
| 040 |
_aMUNICIPALIDAD PROVINCIAL DEL CUSCO _cBIBLIOTECA MUNICIPAL DEL CUSCO |
||
| 082 |
_a869.56 / _bD88 |
||
| 100 |
_aDomínguez Condezo, Víctor _916105 |
||
| 245 | _aKantares del aravek / | ||
| 260 |
_aHuánuco : _bEdiciones Insurgencia, _c1977. |
||
| 300 |
_c16 cm. _a24 páginas, _bIlustraciones, |
||
| 505 | _aContenido : Kantares del aravek. | ||
| 650 |
_aPoesías peruanas _91481 |
||
| 650 |
_aPoesías del siglo xx _915637 |
||
| 650 |
_aLiteratura peruana _9169 |
||
| 942 |
_2ddc _cLIBROS |
||
| 945 | _arum | ||